[Event "41st Olympiad Women 2014"]
[Site "Tromso NOR"]
[Date "2014.08.14"]
[Round "11.30"]
[Board "4"]
[White "Ramirez Gonzalez, Maria Jose"]
[Black "Avalos, Leticia"]
[Result "1-0"]
[BlackTitle "WCM"]
[WhiteElo "1764"]
[BlackElo "1687"]
[WhiteTeam "Costa Rica"]
[BlackTeam "Paraguay"]
[WhiteFideId "6503349"]
[BlackFideId "3702073"]
[EventDate "2014.08.02"]

1. d4 Nf6 2. Bf4 e6 3. e3 c5 4. c3 Nc6 5. Nd2 b6 6. h3 Bb7 7. Ngf3 Be7 8. Bd3
O-O 9. O-O cxd4 10. exd4 d6 11. Bc2 b5 12. Re1 b4 13. c4 Rc8 14. b3 Re8 15. Bh2
Qb6 16. Ne4 Nxe4 17. Bxe4 Rcd8 18. d5 exd5 19. Bxd5 Na5 20. Bxb7 Nxb7 21. Qd5
Bf6 22. Rad1 Rxe1+ 23. Rxe1 h6 24. g4 Nc5 25. Re2 Ne6 26. h4 g5 27. hxg5 hxg5
28. Qf5 Kg7 29. Rd2 Qa6 30. Bg3 Be7 31. Qd5 Qa3 32. Kg2 Qc1 33. Nd4 Rh8 34. Nf5+
Kf6 35. Rd1 Nf4+ 36. Bxf4 Qxf4 37. Qd4+ Qxd4 38. Rxd4 Rd8 39. Nxe7 Kxe7 40. Rd5
f6 41. Rb5 Ke6 42. Rxb4 Rd7 43. Kf3 Ke5 44. Ke3 Rc7 45. Rb5+ Ke6 46. Kd4 Rh7 47.
Ra5 Rb7 48. Ra6 Rc7 49. b4 Rb7 50. a3 Ke7 51. Kd5 Rd7 52. b5 Kf7 53. Rxd6 Re7
54. Kd4 Rb7 55. a4 Ke7 56. Rd5 Ke6 57. c5 a6 58. Rd6+ 1-0

[Event "41st Olympiad Women 2014"]
[Site "Tromso NOR"]
[Date "2014.08.14"]
[Round "11.31"]
[Board "1"]
[White "Coimbra, Margarida"]
[Black "Abarca Gonzalez, Damaris"]
[Result "1/2-1/2"]
[WhiteTitle "WFM"]
[BlackTitle "WFM"]
[WhiteElo "2071"]
[BlackElo "2049"]
[WhiteTeam "Portugal"]
[BlackTeam "Chile"]
[WhiteFideId "1901192"]
[BlackFideId "3409414"]
[EventDate "2014.08.02"]

1. e4 c5 2. c3 Nf6 3. e5 Nd5 4. d4 cxd4 5. Nf3 e6 6. cxd4 b6 7. Bd3 h6 8. O-O
Bb7 9. Nc3 Nxc3 10. bxc3 Qc7 11. Bb2 d6 12. Re1 Nd7 13. c4 dxe5 14. d5 O-O-O 15.
Nxe5 Nc5 16. Rc1 Bd6 17. h3 Rhe8 18. Nf3 e5 19. Bf5+ Kb8 20. Nd2 g6 21. Bb1 f5
22. Ba3 e4 23. Nb3 Qe7 24. Nxc5 Bxc5 25. Bxc5 Qxc5 26. Qb3 Qd6 27. Qc3 Rc8 28.
Qd4 Ba6 29. Rc3 Red8 30. Bc2 Rc5 31. Bb3 Rdc8 32. Rec1 Re8 33. Re1 Bb7 34. a4
Qe5 35. Qxe5+ Rxe5 36. Rc2 Bc8 37. f3 e3 38. f4 Re4 39. Rce2 Ba6 40. Rxe3 Bxc4
41. Rxe4 fxe4 42. Bc2 Bd3 43. Bxd3 exd3 44. Kf2 Rxd5 45. Ke3 Kc7 46. Rd1 Ra5 47.
Ra1 Kd6 48. Ra3 Ke6 49. Kxd3 b5 50. Rb3 bxa4 51. Ra3 Kf5 52. Ke3 h5 53. g3 Ke6
54. Ke4 Kd6 55. Kd4 Kc6 56. Kc4 Kb6 57. Kb4 h4 58. gxh4 Rf5 59. Rf3 a3 60. Kxa3
Kc5 61. Rg3 Rxf4 62. Rxg6 1/2-1/2

[Event "41st Olympiad Women 2014"]
[Site "Tromso NOR"]
[Date "2014.08.14"]
[Round "11.31"]
[Board "2"]
[White "Reyes Jara, Paula"]
[Black "Oliveira, Maria Ines"]
[Result "1-0"]
[WhiteTitle "WFM"]
[BlackTitle "WCM"]
[WhiteElo "2041"]
[BlackElo "1890"]
[WhiteTeam "Chile"]
[BlackTeam "Portugal"]
[WhiteFideId "3403920"]
[BlackFideId "1909436"]
[EventDate "2014.08.02"]

1. e4 c5 2. c3 Nf6 3. e5 Nd5 4. d4 cxd4 5. Nf3 e6 6. cxd4 d6 7. Nc3 Nc6 8. Nxd5
exd5 9. h3 dxe5 10. dxe5 Bc5 11. Bd3 Qb6 12. O-O O-O 13. Bb1 Ne7 14. a3 a5 15.
b3 Rd8 16. Bg5 d4 17. Nd2 Be6 18. Qh5 h6 19. Bh4 Bxb3 20. Ne4 d3 21. e6 d2 22.
Qxf7+ Kh8 23. Bf6 Nf5 24. Nxc5 d1=Q 25. Bxf5 Qxf1+ 26. Rxf1 Rg8 27. Qg6 1-0

[Event "41st Olympiad Women 2014"]
[Site "Tromso NOR"]
[Date "2014.08.14"]
[Round "11.31"]
[Board "3"]
[White "Monteiro, Sara Cristina da Silva"]
[Black "Fuentes Inzunza, Lesly"]
[Result "0-1"]
[WhiteTitle "WCM"]
[WhiteElo "1781"]
[BlackElo "1895"]
[WhiteTeam "Portugal"]
[BlackTeam "Chile"]
[WhiteFideId "1909860"]
[BlackFideId "3408205"]
[EventDate "2014.08.02"]

1. d4 d5 2. Nf3 Nf6 3. Bg5 e6 4. e3 Be7 5. c4 O-O 6. Nc3 b6 7. Be2 Bb7 8. O-O
Ne4 9. Nxe4 dxe4 10. Bxe7 Qxe7 11. Nd2 Nd7 12. Qb3 Rfd8 13. Qc2 Nf6 14. Nb3 e5
15. dxe5 Qxe5 16. c5 Bd5 17. Nd4 bxc5 18. Qxc5 Nd7 19. Qc2 c5 20. Nb5 Nf6 21. b3
a6 22. Na3 Be6 23. Rfd1 Ng4 24. Bxg4 Bxg4 25. Rxd8+ Rxd8 26. Rc1 h6 27. Nc4 Qe6
28. Qc3 Rd5 29. Nd2 Qg6 30. Nf1 h5 31. h4 Be2 32. Ng3 Bd3 33. Qa5 Qd6 34. Qc3
Qe7 35. Qa5 Qd6 36. Qc3 Qe6 37. Nf1 g5 38. hxg5 Rxg5 39. f4 Rg7 40. Qd2 Qf5 41.
Qf2 Rg4 42. Nh2 Rg6 43. Nf1 Rc6 44. Qh4 Qg4 45. Qxg4+ hxg4 46. Kf2 Kg7 47. Nd2
f5 48. Nc4 Bxc4 49. Rxc4 a5 50. a3 Kf6 51. Ra4 Rb6 52. Rxa5 Rxb3 53. Rxc5 Rxa3
54. Rc6+ Kf7 55. Rc2 Rd3 56. Re2 Ke6 57. Kg3 Kd5 58. Kh4 Kc4 59. Kg5 Rd5 60. Re1
Kc3 61. Ra1 Kd2 62. Ra3 Ke2 63. g3 Kf3 64. Kf6 Kxg3 65. Ke6 Rb5 66. Ra6 Kf3 0-1

[Event "41st Olympiad Women 2014"]
[Site "Tromso NOR"]
[Date "2014.08.14"]
[Round "11.31"]
[Board "4"]
[White "Miranda Gonzalez, Nicole"]
[Black "Jorge, Rita Maria Osorio"]
[Result "1/2-1/2"]
[WhiteElo "1943"]
[BlackElo "1693"]
[WhiteTeam "Chile"]
[BlackTeam "Portugal"]
[WhiteFideId "3405770"]
[BlackFideId "1923161"]
[EventDate "2014.08.02"]

1. e4 c5 2. c3 d5 3. exd5 Qxd5 4. d4 Nc6 5. Nf3 Bg4 6. Be2 cxd4 7. cxd4 e6 8.
Nc3 Qa5 9. h3 Bh5 10. O-O Nf6 11. Be3 Be7 12. Qb3 Qb4 13. Qxb4 Nxb4 14. Bb5+ Kf8
15. g4 Bg6 16. Ne5 a6 17. Ba4 Bd6 18. Rac1 Ke7 19. Bb3 Rac8 20. Rfd1 Rhd8 21. a3
Nbd5 22. Nxd5+ Nxd5 23. Bxd5 exd5 24. Nxg6+ hxg6 25. Re1 Kd7 26. Kg2 Rxc1 27.
Rxc1 Rc8 28. Rxc8 Kxc8 29. Kf3 Kd7 30. Bf4 Be7 31. Be5 f6 32. Bb8 g5 33. Ke3 Ke6
34. Ba7 1/2-1/2

[Event "41st Olympiad Women 2014"]
[Site "Tromso NOR"]
[Date "2014.08.14"]
[Round "11.32"]
[Board "1"]
[White "Mouradian, Knarik"]
[Black "Heredia Serrano, Carla"]
[Result "1/2-1/2"]
[WhiteTitle "WIM"]
[BlackTitle "WGM"]
[WhiteElo "2188"]
[BlackElo "2168"]
[WhiteTeam "Lebanon"]
[BlackTeam "Ecuador"]
[WhiteFideId "5300517"]
[BlackFideId "3603687"]
[EventDate "2014.08.02"]

1. e4 e6 2. d4 d5 3. Nc3 Bb4 4. Ne2 Nf6 5. Bg5 dxe4 6. a3 Be7 7. Bxf6 Bxf6 8.
Nxe4 O-O 9. Qd2 Nc6 10. O-O-O b6 11. h4 Bb7 12. f3 Bxh4 13. g3 Bf6 14. g4 h6 15.
Bg2 Na5 16. f4 Be7 17. N2c3 f5 18. gxf5 exf5 19. Ng3 Nc4 20. Qe2 Bxg2 21. Qxg2
Ne3 22. Qg1 Nxd1 23. Nxd1 c5 24. dxc5 Bxc5 25. Qg2 Kh8 26. Nh5 Rf7 27. Qg6 Qf8
28. Nc3 Be3+ 29. Kb1 Rd8 30. Nb5 Rfd7 31. Rh3 Bc5 32. b3 a6 33. Nc3 Bxa3 34. Nd5
Rxd5 35. Nxg7 Qxg7 36. Rxh6+ Kg8 37. Qe6+ Qf7 38. Rg6+ Kf8 39. Rf6 Qxf6 40.
Qxf6+ Ke8 41. Qe6+ Kf8 42. Qf6+ Kg8 43. Qg6+ Kf8 44. Qf6+ Ke8 45. Qe6+ Kf8 1/2-1/2

[Event "41st Olympiad Women 2014"]
[Site "Tromso NOR"]
[Date "2014.08.14"]
[Round "11.32"]
[Board "3"]
[White "Jalloul, Maya M."]
[Black "Moncayo Romero, Evelyn"]
[Result "0-1"]
[WhiteTitle "WFM"]
[BlackTitle "WIM"]
[WhiteElo "1922"]
[BlackElo "2119"]
[WhiteTeam "Lebanon"]
[BlackTeam "Ecuador"]
[WhiteFideId "5300800"]
[BlackFideId "3600424"]
[EventDate "2014.08.02"]

1. Nf3 Nf6 2. g3 g6 3. b3 Bg7 4. Bb2 d6 5. d4 O-O 6. Bg2 c5 7. d5 e6 8. dxe6
fxe6 9. O-O Nc6 10. Nbd2 d5 11. Re1 d4 12. e3 e5 13. e4 Kh8 14. Nc4 Qc7 15. a4
Bg4 16. h3 Be6 17. Qe2 Rae8 18. Bc1 Nd7 19. Ng5 Bg8 20. f4 d3 21. cxd3 exf4 22.
Bxf4 Rxf4 23. gxf4 Qxf4 24. Nf3 Bxa1 25. Rxa1 Be6 26. Rf1 Qg3 27. Qf2 Qxf2+ 28.
Rxf2 Bxc4 29. bxc4 Nde5 30. Bf1 Rd8 31. Ng5 Re8 32. Nf7+ Kg7 33. Nxe5 Nxe5 34.
Rb2 b6 35. a5 Re6 36. axb6 axb6 37. Kf2 Rf6+ 38. Kg2 Rd6 39. Rb3 h5 40. Be2 Kh6
41. Kg3 g5 42. Kg2 g4 43. hxg4 hxg4 44. Kg3 Kg5 45. Rb1 Rh6 46. Kg2 Kf4 47. Re1
Nf3 48. Rh1 Rxh1 49. Kxh1 Ke3 50. Bxf3 gxf3 51. Kg1 Ke2 0-1

[Event "41st Olympiad Women 2014"]
[Site "Tromso NOR"]
[Date "2014.08.14"]
[Round "11.32"]
[Board "4"]
[White "Vasquez Ramirez, Rocio"]
[Black "Makhlouf, Youmna"]
[Result "1-0"]
[WhiteTitle "WIM"]
[BlackTitle "WFM"]
[WhiteElo "2122"]
[BlackElo "1874"]
[WhiteTeam "Ecuador"]
[BlackTeam "Lebanon"]
[WhiteFideId "3600750"]
[BlackFideId "5300819"]
[EventDate "2014.08.02"]

1. e4 e6 2. d4 d5 3. Bd3 dxe4 4. Bxe4 Nf6 5. Bf3 Nc6 6. Ne2 Be7 7. O-O O-O 8. c4
e5 9. Bxc6 bxc6 10. dxe5 Qxd1 11. Rxd1 Ne4 12. Be3 Ng5 13. Nbc3 Ne6 14. Ne4 Re8
15. N2c3 a5 16. b3 Bb7 17. f4 Rad8 18. Na4 Rxd1+ 19. Rxd1 Bc8 20. g3 Rd8 21.
Rxd8+ Nxd8 22. Bc5 Kf8 23. Kf2 Bf5 24. Ke3 Ke8 25. Bxe7 Kxe7 26. Nac5 h5 27. Kd4
Bc8 28. Kc3 Ne6 29. b4 axb4+ 30. Kxb4 1-0

[Event "41st Olympiad Women 2014"]
[Site "Tromso NOR"]
[Date "2014.08.14"]
[Round "11.33"]
[Board "1"]
[White "Garcia Morales, Ivette Ale"]
[Black "De Blecourt, Sandra"]
[Result "1/2-1/2"]
[WhiteTitle "WIM"]
[BlackTitle "WFM"]
[WhiteElo "2113"]
[BlackElo "2122"]
[WhiteTeam "Mexico"]
[BlackTeam "Denmark"]
[WhiteFideId "5105994"]
[BlackFideId "1004948"]
[EventDate "2014.08.02"]

1. d4 d5 2. Nf3 Nf6 3. c4 c6 4. Nc3 dxc4 5. a4 Bf5 6. Nh4 e6 7. Nxf5 exf5 8. e3
Bb4 9. Bxc4 O-O 10. O-O Nbd7 11. Qc2 g6 12. f3 Rc8 13. Ba2 c5 14. d5 c4 15. e4
fxe4 16. fxe4 Ng4 17. Qe2 Bc5+ 18. Kh1 Nxh2 19. Rf4 Bd6 20. g3 Bxf4 21. Bxf4 f5
22. Qxh2 fxe4 23. Nxe4 Rf5 24. Qd2 Nf6 25. Nxf6+ Qxf6 26. Re1 Rh5+ 27. Kg1 Qb6+
28. Kg2 Qc5 29. Re4 Rxd5 30. Qe2 Rh5 31. Bxc4+ Kf8 32. Bh6+ Rxh6 33. Qf3+ Qf5
34. Rf4 Rxc4 35. Rxf5+ gxf5 36. Qxf5+ Ke7 37. Qg5+ Rf6 38. Qg7+ Rf7 39. Qe5+ Kf8
40. Qh8+ Ke7 41. Qe5+ Kf8 42. Qh8+ Ke7 43. Qb8 Rxa4 44. Qxb7+ Kf8 45. Qc6 Ra1
46. Qc8+ Kg7 47. Qg4+ Kf8 48. Qd4 Raf1 49. Qh8+ Ke7 50. Qe5+ Kf8 51. Qh8+ Ke7
52. Qe5+ Kf8 53. b4 R1f6 54. g4 h6 55. Kg3 Rg6 56. Kh4 Kg8 57. Qe8+ Kg7 58. Qe5+
Kh7 59. Qe4 Kg7 60. b5 Rg5 61. Qd4+ Kh7 62. Qe4+ Kg7 63. Qd4+ Kh7 64. Qd3+ Kg7
65. Qc3+ Kg8 66. Qc6 Kg7 67. Qc3+ Kg8 68. Qc4 Kg7 69. Qc3+ 1/2-1/2

[Event "41st Olympiad Women 2014"]
[Site "Tromso NOR"]
[Date "2014.08.14"]
[Round "11.33"]
[Board "2"]
[White "Guindy, Esmat"]
[Black "Real Pereyra, Diana Carime"]
[Result "0-1"]
[WhiteTitle "WFM"]
[BlackTitle "WIM"]
[WhiteElo "2074"]
[BlackElo "2061"]
[WhiteTeam "Denmark"]
[BlackTeam "Mexico"]
[WhiteFideId "1401637"]
[BlackFideId "5104106"]
[EventDate "2014.08.02"]

1. d4 Nf6 2. Nf3 g6 3. c4 Bg7 4. g3 c5 5. d5 d6 6. Nc3 O-O 7. Bg2 e6 8. O-O exd5
9. cxd5 Nbd7 10. Bf4 Qe7 11. Re1 a6 12. a4 Nh5 13. Bg5 f6 14. Bc1 Ne5 15. Nd2 f5
16. f4 Ng4 17. Nc4 Bd7 18. Bf3 b5 19. Bxg4 fxg4 20. Nb6 b4 21. Na2 Rae8 22. e4
Bf5 23. e5 dxe5 24. d6 Qf7 25. d7 Rd8 26. fxe5 Bxd7 27. Be3 Be6 28. Qe2 Bxa2 29.
Bxc5 Rfe8 30. Qxg4 a5 31. Bd6 Be6 32. Qd4 Bh6 33. Rf1 Qb7 34. Rad1 Ng7 35. Qc5
Bh3 36. Rf2 Ne6 0-1

[Event "41st Olympiad Women 2014"]
[Site "Tromso NOR"]
[Date "2014.08.14"]
[Round "11.33"]
[Board "3"]
[White "Duran Juarez, Citlali"]
[Black "Olsen, Miriam F"]
[Result "0-1"]
[WhiteTitle "WCM"]
[WhiteElo "1982"]
[BlackElo "2019"]
[WhiteTeam "Mexico"]
[BlackTeam "Denmark"]
[WhiteFideId "5104084"]
[BlackFideId "1408259"]
[EventDate "2014.08.02"]

1. e4 c5 2. Nc3 Nc6 3. Bb5 Nd4 4. Nf3 g6 5. Nxd4 cxd4 6. Ne2 a6 7. Ba4 Bg7 8.
O-O e6 9. d3 Ne7 10. Qe1 b5 11. Bb3 d5 12. f3 O-O 13. Qg3 Nc6 14. Bf4 Ra7 15.
Rae1 dxe4 16. fxe4 Na5 17. Be5 Nxb3 18. cxb3 Bxe5 19. Qxe5 f6 20. Qg3 e5 21. Rc1
Rc7 22. b4 Rff7 23. Qh4 Kg7 24. Rc5 Rxc5 25. bxc5 b4 26. g4 h6 27. Nc1 Qd7 28.
h3 Qb5 29. Qg3 Qxc5 30. Nb3 Qd6 31. Rc1 Rc7 32. Qe1 Rxc1 33. Qxc1 Be6 34. Nc5
Bf7 35. Nb7 Qd7 36. Nc5 Qc6 37. Kf2 Qc8 38. Kg2 a5 39. Nb3 Qxc1 40. Nxc1 h5 41.
gxh5 g5 42. a3 bxa3 43. bxa3 Kh6 44. Kg3 Kxh5 45. Ne2 Bb3 46. Kf2 Kh4 47. Ng3
Bc2 48. Nf5+ Kxh3 49. Ke2 g4 50. Kd2 Bxd3 51. Kxd3 g3 0-1

[Event "41st Olympiad Women 2014"]
[Site "Tromso NOR"]
[Date "2014.08.14"]
[Round "11.33"]
[Board "4"]
[White "Stolberg-Rohr, Thomine"]
[Black "Roque Sola, Gisela"]
[Result "1-0"]
[WhiteTitle "WFM"]
[BlackTitle "WFM"]
[WhiteElo "1960"]
[BlackElo "1882"]
[WhiteTeam "Denmark"]
[BlackTeam "Mexico"]
[WhiteFideId "1504258"]
[BlackFideId "5120241"]
[EventDate "2014.08.02"]

1. c4 Nf6 2. Nc3 g6 3. g3 Bg7 4. Bg2 O-O 5. d3 d6 6. Bg5 c6 7. Qd2 Re8 8. h4
Nbd7 9. Bh6 Bh8 10. h5 Ng4 11. hxg6 hxg6 12. Nf3 Nxh6 13. Rxh6 Bg7 14. O-O-O Nf8
15. Rdh1 f6 16. Nh4 g5 17. Nf3 Bxh6 18. Rxh6 e5 19. Ne4 Nh7 20. Nxf6+ Nxf6 21.
Qxg5+ Kf7 22. Qg6+ Kf8 23. Rh8+ 1-0

[Event "41st Olympiad Women 2014"]
[Site "Tromso NOR"]
[Date "2014.08.14"]
[Round "11.34"]
[Board "1"]
[White "Mwango, Lorita"]
[Black "Shamima, Akter Liza"]
[Result "1/2-1/2"]
[WhiteTitle "WFM"]
[BlackTitle "WIM"]
[WhiteElo "1874"]
[BlackElo "2147"]
[WhiteTeam "Zambia"]
[BlackTeam "Bangladesh"]
[WhiteFideId "8700478"]
[BlackFideId "10202587"]
[EventDate "2014.08.02"]

1. c4 e5 2. Nc3 Nf6 3. Nf3 Nc6 4. e3 Bb4 5. Be2 O-O 6. a3 Bxc3 7. dxc3 e4 8. Nd4
Qe7 9. Qc2 Ne5 10. Bd2 d6 11. f4 exf3 12. gxf3 Be6 13. b3 Rfe8 14. Nxe6 fxe6 15.
f4 Ned7 16. O-O-O e5 17. f5 e4 18. Rdf1 a5 19. Kb2 Nc5 20. Rhg1 Kh8 21. Rg3 Qe5
22. Ka2 d5 23. Bc1 a4 24. b4 Nb3 25. Bb2 Rad8 26. c5 c6 27. Kb1 Re7 28. Rg2 Qc7
29. Rd1 b6 30. cxb6 Qxb6 31. Rg3 c5 32. Bf1 c4 33. Qg2 Rb7 34. h4 Rdb8 35. Qe2
Nc5 36. Qd2 Nd3 37. Ba1 Qd6 38. Rg1 Qe5 39. Bh3 Nd7 40. Rg5 Qf6 41. Rf1 N7e5 42.
Bg2 Nf7 43. Rg4 Nd6 44. Bh3 Nb5 45. Ka2 Re8 46. h5 Rf8 47. Rg2 Re7 48. Bg4 Re5
49. Rfg1 Re7 1/2-1/2

[Event "41st Olympiad Women 2014"]
[Site "Tromso NOR"]
[Date "2014.08.14"]
[Round "11.34"]
[Board "2"]
[White "Hamid, Rani"]
[Black "Mbatha, Constance"]
[Result "1-0"]
[WhiteTitle "WIM"]
[WhiteElo "1995"]
[BlackElo "1677"]
[WhiteTeam "Bangladesh"]
[BlackTeam "Zambia"]
[WhiteFideId "10200096"]
[BlackFideId "8700591"]
[EventDate "2014.08.02"]

1. e4 e5 2. Nf3 d6 3. d4 exd4 4. Nxd4 Nf6 5. Nc3 Be7 6. Be2 O-O 7. O-O h6 8. Be3
Bd7 9. f4 Nc6 10. Nb3 Rc8 11. Bf3 b6 12. Qe2 a5 13. Rad1 Qe8 14. Rd2 Nh7 15.
Rfd1 Rd8 16. Nd5 Rc8 17. e5 Nb8 18. Nxe7+ Qxe7 19. exd6 cxd6 20. Bxb6 Qf6 21.
Bxa5 Qxf4 22. Rd4 Qf6 23. Bc3 Rfe8 24. Qf2 Be6 25. Rxd6 Qg6 26. h4 Nf6 27. a4
Ne4 28. Bxe4 Qxe4 29. Qg3 g6 30. Re1 Qxc2 31. Nd4 Qxa4 32. Nxe6 Rxc3 33. bxc3
Qb5 34. Nd4 Qa4 35. Rxg6+ fxg6 36. Qxg6+ Kf8 37. Qxh6+ Kg8 38. Qg6+ Kf8 39. Rf1+
Ke7 40. Rf7+ Kd8 41. Qd6+ Nd7 42. Nc6+ Qxc6 43. Qxc6 1-0

[Event "41st Olympiad Women 2014"]
[Site "Tromso NOR"]
[Date "2014.08.14"]
[Round "11.34"]
[Board "4"]
[White "Sultana, Sharmin Shirin"]
[Black "Saina, Yvonne"]
[Result "1-0"]
[WhiteTitle "WFM"]
[WhiteElo "1984"]
[BlackElo "1752"]
[WhiteTeam "Bangladesh"]
[BlackTeam "Zambia"]
[WhiteFideId "10204482"]
[BlackFideId "8700702"]
[EventDate "2014.08.02"]

1. d4 Nf6 2. c4 e6 3. Nc3 Bb4 4. Qc2 b6 5. e4 Bxc3+ 6. bxc3 d5 7. e5 Ng8 8. Nf3
Bb7 9. Rb1 h6 10. c5 Ne7 11. Bd3 Nd7 12. O-O O-O 13. Qe2 Bc8 14. cxb6 cxb6 15.
Ba3 Re8 16. Qe3 a6 17. Bxe7 Qxe7 18. a4 Qa3 19. Ra1 Qxc3 20. Bh7+ Kxh7 21. Qxc3
Rb8 22. Qc6 Rd8 23. Rfc1 Bb7 24. Qc2+ g6 25. Qb2 Ba8 26. Rc7 Rbc8 27. Rac1 Rxc7
28. Rxc7 Kg7 29. Qc2 Nf8 30. Rc8 1-0

[Event "41st Olympiad Women 2014"]
[Site "Tromso NOR"]
[Date "2014.08.14"]
[Round "11.35"]
[Board "2"]
[White "Thorsteinsdottir, Hallgerdur"]
[Black "Miller, Rachel"]
[Result "1-0"]
[BlackTitle "WFM"]
[WhiteElo "1982"]
[BlackElo "1782"]
[WhiteTeam "Iceland"]
[BlackTeam "Jamaica"]
[WhiteFideId "2302454"]
[BlackFideId "7401302"]
[EventDate "2014.08.02"]

1. e4 e5 2. Nf3 Nc6 3. Bc4 Bc5 4. c3 Nf6 5. d3 a6 6. Bb3 Ba7 7. Nbd2 d6 8. Nf1
Ng4 9. Ne3 O-O 10. O-O Kh8 11. d4 exd4 12. Nxd4 Nxd4 13. cxd4 Qh4 14. Nxg4 Bxg4
15. f3 Bh5 16. Be3 Bg6 17. Rc1 c6 18. Qd2 f5 19. Bf2 Qf6 20. exf5 Qxf5 21. Qb4
Qd7 22. Bg3 c5 23. Qd2 cxd4 24. Bf2 d3 25. Bxa7 Rxa7 26. Bc4 b5 27. Bxd3 Bxd3
28. Qxd3 d5 29. Rfd1 Rd8 30. Qxd5 h6 31. Qxd7 Raxd7 32. Rxd7 Rxd7 33. Rc2 b4 34.
b3 Rd6 35. Kf2 Kh7 36. Ke3 g5 37. Rc4 a5 38. Rc5 Ra6 39. Kd3 a4 40. bxa4 Rxa4
41. Rc2 g4 42. fxg4 b3 43. axb3 Rxg4 44. Rb2 Rb4 45. Kc3 Rb8 46. b4 Kg6 47. Kc4
Kf7 48. b5 Ke6 49. Rd2 Rc8+ 50. Kb4 Rb8 51. Kc5 Rc8+ 52. Kb6 Rb8+ 53. Kc6 Rc8+
54. Kb7 Rc5 55. b6 Rb5 56. Kc7 Rc5+ 57. Kb8 Rb5 58. b7 Rb3 59. Rd4 Rb2 60. Kc7
Ke5 61. Rc4 Kd5 62. Rc1 Rxg2 63. b8=Q Rg7+ 64. Kb6 Rg6+ 65. Kb5 Rg5 66. Rc5+ Ke4
67. Rxg5 hxg5 68. Kc4 Kf3 69. Qg3+ Ke4 70. Qxg5 Kf3 71. Kd3 Kf2 72. h4 Kf3 73.
h5 Kf2 74. Qg4 Kf1 75. Ke3 Ke1 76. Qg1# 1-0

[Event "41st Olympiad Women 2014"]
[Site "Tromso NOR"]
[Date "2014.08.14"]
[Round "11.35"]
[Board "3"]
[White "Smith, Melisha"]
[Black "Finnbogadottir, Tinna Kristin"]
[Result "0-1"]
[WhiteTitle "WCM"]
[WhiteElo "1747"]
[BlackElo "1915"]
[WhiteTeam "Jamaica"]
[BlackTeam "Iceland"]
[WhiteFideId "7400691"]
[BlackFideId "2300214"]
[EventDate "2014.08.02"]

1. d4 d5 2. Nf3 c6 3. Bf4 Qb6 4. Qc1 Nf6 5. e3 Bf5 6. Nbd2 e6 7. h3 Nbd7 8. Nh4
Bg6 9. Nxg6 hxg6 10. Bd3 Be7 11. O-O c5 12. c3 Bd6 13. Nf3 Bxf4 14. exf4 Nh5 15.
a4 c4 16. Bc2 Qd6 17. Ne5 Nxe5 18. fxe5 Qe7 19. g4 Qh4 20. gxh5 Qxh3 21. Bd1
gxh5 22. Qg5 Rh6 23. Bc2 Qf3 24. Kh2 Kd7 25. a5 Rah8 26. Rae1 Qg4 27. Qxg4 hxg4+
28. Kg3 Rh3+ 29. Kf4 Rf3+ 30. Kxg4 Rfh3 31. Bd1 f6 32. exf6 gxf6 33. Kf4 R8h4+
34. Bg4 f5 35. Rg1 Rxg4+ 36. Rxg4 fxg4 37. Kxg4 Rh7 38. Kf3 Kd6 39. Rg1 Rf7+ 40.
Ke3 Kc6 41. Ra1 Kb5 42. Rg1 Kxa5 43. Rg6 Re7 44. Rf6 Ka4 45. Kd2 Kb3 46. Kc1 a5
47. Rf8 b5 48. Ra8 b4 49. Rxa5 bxc3 50. Ra3+ Kb4 51. Rxc3 Rf7 52. f3 Rf4 53. Re3
Rxd4 54. Rxe6 Rf4 55. Re5 Kc5 56. Re3 d4 57. Ra3 Kb4 58. Kd2 c3+ 59. Kc2 d3+ 60.
Kc1 d2+ 0-1

[Event "41st Olympiad Women 2014"]
[Site "Tromso NOR"]
[Date "2014.08.14"]
[Round "11.35"]
[Board "4"]
[White "Johannsdottir, Johanna Bjorg"]
[Black "Smith, Annesha"]
[Result "1-0"]
[WhiteElo "1862"]
[BlackElo "1768"]
[WhiteTeam "Iceland"]
[BlackTeam "Jamaica"]
[WhiteFideId "2303108"]
[BlackFideId "7400683"]
[EventDate "2014.08.02"]

1. e4 c5 2. Nf3 d6 3. c3 Nf6 4. Bd3 Nbd7 5. Bc2 b6 6. d3 Bb7 7. Nbd2 Ne5 8. O-O
g6 9. Nxe5 dxe5 10. Nc4 Qc7 11. f4 b5 12. Nxe5 Rd8 13. Qe2 Bh6 14. a4 a6 15.
axb5 axb5 16. c4 O-O 17. cxb5 Ra8 18. Be3 Ne8 19. Rxa8 Bxa8 20. b6 Qd6 21. Ba4
Nf6 22. Nc4 Qb8 23. Bxc5 Bxf4 24. e5 Nd5 25. Bxe7 Bxh2+ 26. Kxh2 Nxe7 27. Kg1
Nf5 28. Qg4 Kh8 29. Bd7 Qb7 30. Bxf5 gxf5 31. Rxf5 Rg8 32. Rg5 Rxg5 33. Qxg5 Qd5
34. Nd6 Qd4+ 35. Kh2 Qd5 36. Ne8 1-0

[Event "41st Olympiad Women 2014"]
[Site "Tromso NOR"]
[Date "2014.08.14"]
[Round "11.36"]
[Board "1"]
[White "Gjergji, Rozana"]
[Black "Sanchez Castillo, Sarai Carolina"]
[Result "1/2-1/2"]
[WhiteTitle "WCM"]
[BlackTitle "IM"]
[WhiteElo "1981"]
[BlackElo "2207"]
[WhiteTeam "Albania"]
[BlackTeam "Venezuela"]
[WhiteFideId "4700147"]
[BlackFideId "3900754"]
[EventDate "2014.08.02"]

1. e4 e6 2. d4 d5 3. Nc3 dxe4 4. Nxe4 Nf6 5. Bg5 Be7 6. Bxf6 Bxf6 7. Nf3 Bd7 8.
Bd3 Bc6 9. c3 Nd7 10. O-O Be7 11. Qe2 Nf6 12. Ne5 Bxe4 13. Bxe4 Nxe4 14. Qxe4
Qd5 15. Qxd5 exd5 16. Rae1 O-O 17. Ng6 fxg6 18. Rxe7 Rf7 19. Rfe1 Raf8 20. f3 c6
21. R1e5 h6 22. Kf2 g5 23. Kg3 a6 24. h3 Kh7 25. R5e6 Kg8 26. Kf2 Rxe7 27. Rxe7
Rf7 28. Re8+ Kh7 29. Re6 Rd7 30. Ke3 Kg8 31. Kd3 Kf7 32. Re2 1/2-1/2

[Event "41st Olympiad Women 2014"]
[Site "Tromso NOR"]
[Date "2014.08.14"]
[Round "11.36"]
[Board "2"]
[White "Gutierrez Salazar, Leonela"]
[Black "Shabanaj, Eglantina"]
[Result "1-0"]
[WhiteTitle "WFM"]
[BlackTitle "WCM"]
[WhiteElo "2096"]
[BlackElo "2033"]
[WhiteTeam "Venezuela"]
[BlackTeam "Albania"]
[WhiteFideId "3900401"]
[BlackFideId "4700562"]
[EventDate "2014.08.02"]

1. e4 e5 2. Bc4 Nf6 3. d3 Be7 4. Nf3 Nc6 5. O-O O-O 6. Bb3 d5 7. Qe2 Bg4 8. c3
Re8 9. Re1 a5 10. h3 Bh5 11. Nbd2 a4 12. Bc2 Qd7 13. Nf1 Bc5 14. Ng3 Bg6 15. Nh4
Ne7 16. Qf3 b5 17. Nhf5 Ra6 18. Bg5 Bxf5 19. exf5 Qd6 20. Rad1 Ba7 21. Rxe5
Bxf2+ 22. Kxf2 Qxe5 23. Bf4 Ng4+ 24. Qxg4 Qf6 25. Nh5 Qb6+ 26. Be3 Qxe3+ 27.
Kxe3 Nxf5+ 28. Kd2 g6 29. Re1 Rxe1 30. Kxe1 Re6+ 31. Kd2 Ne3 32. Qf3 gxh5 33.
Qxe3 Rxe3 34. Kxe3 c5 35. c4 d4+ 36. Ke4 1-0